01098 2200337 4500001002100000005001500021035002000036007000300056008004100059020002200100082001700122084001900139100002600158245015800184300004200342650004600384700002700430700003600457700002300493504003100516264003000547336002100577337003000598338002300628040002200651090002300673090002200696850001200718041000800730990002200738INLIS00000000084600920190415030742 a0010-0419000868ta190415s2018 yoia g | ind d a978-979-29-6926-904223a004.6507 a004.6507 PAT a0 aPatwiyantoePengarang10aAdministrasi infrastruktur jaringan :bkompetensi keahlian: teknik komputer dan jaringan /cPatwiyanto, Sri Wahyuni, Sumari Agus Prasetyo; editor, Krismi aix, 187 halaman :bilustrasi ;c25 cm 4aJaringan komputer--xStudi dan pengajaran0 aSri WahyuniePengarang0 aSumari Agus PrasetyoePengarang0 aKrismiePenyunting aBibliografi: halaman [189] aYogyakarta :bAndi,c2018 2rdacontentateks 2rdamediaatanpa perantara 2rdacarrieravolume aYOPDYOGbinderda aDEP 004.6507 PAT a aCB-D.11 2018-1572 aYOPDYOG0 aind aCB-D.11/2018-1572